00876nam a2200205 a 450000100100000000500170001000800410002704000250006810000280009324000370012124501270015826000310028530000210031649000470033750400730038470000360045783000540049395201060054799900170065300004410620201002045142.0140516s1967 sp 000 0 spa d aDO-SdBNPbspacBNPHU1 aHavemann, Robert97210110aDialektik ohne dogma?lespañol10aDialéctica sin Dogma :bciencia natural y concepción del mundo /cRobert Havemann; traducción de Manuel Sacristán. aBarcelona :bAriel,c1967. a256 p. ;c23 cm.1 aHoras de EspañaZetein-Estudios y ensayos aIncluye referencias bibliográficas y notas al pie de las páginas12aSacristán, Manueletr.960943 0aHoras de EspañaZetein-Estudios y ensayos972102 0010507-18MOaGRbGRcOId2014-05-16iLF1l0o p44106-10r2020-06-25w2020-06-25y1ZNo se presta c43595d43595